| 000 | 01660cam a22003251i 4500 | ||
|---|---|---|---|
| 003 | SA-RiAUC | ||
| 005 | 20250813050543.0 | ||
| 008 | 250810s2008____jo a g b 001 0 ara c | ||
| 040 |
_aSA-JeALM _bara _cSA-RiAUC _erda |
||
| 043 | _aa-su--- | ||
| 082 | 0 | 4 |
_a215.1 _qSA-RiAUC |
| 090 |
_a215.1 _bم ع ل |
||
| 100 | 1 |
_aالمعلمي، عبد الرحمن بن يحيى بن علي، _d1313-1386 هجري _eمؤلف. |
|
| 245 | 1 | 0 |
_aرسالة في توسعة المسعى بين الصفا والمروة / _cتأليف عبد الرحمن بن يحيي المعلمي اليماني. وبذيلها السعي الحميد في مشروعية المسعى الجديد / تأليف أبي عبيدة مشهور بن حسن آل سلمان ؛ قدم له باسم فيصل الجوابرة [ومجموعة آخرون] |
| 246 | 3 | 0 | _aتوسعة المسعى |
| 250 | _aالطبعة الأولى. | ||
| 264 | 1 |
_aعمان، الأردن : _bالدار الأثرية، _c2008. |
|
| 300 |
_a312 صفحة : _bإيضاحيات ؛ _c24 سم |
||
| 336 |
_aنص _btxt _2rdacontent _3كتاب |
||
| 337 |
_aبدون وسيط _bn _2rdamedia |
||
| 338 |
_aمجلد _bnc _2rdacarrier |
||
| 504 | _aببليوجرافية : صفحة 283-291. | ||
| 610 | 2 | 7 |
_aالمسجد الحرام _2aucnm |
| 650 | 7 |
_aالسعي بين الصفا والمروة _2aucsh |
|
| 700 | 1 |
_aالجوابرة، باسم فيصل أحمد، _d1954- _eمقدم. |
|
| 700 | 1 | 2 |
_aآل سلمان، مشهور بن حسن، _d1380 هجري- |
| 740 | 2 | 2 | _aالسعي الحميد في مشروعية المسعى الجديد. |
| 942 |
_2ddc _cBOOK _n0 |
||
| 949 |
_aSA-JeALM _d250810 _uosman123 _n1 |
||
| 999 |
_c10778 _d10778 |
||